000 00397nam a2200145Ia 4500
008 151213s9999 xx 000 0 und d
100 _aEric Van Bemmel
245 _aIELTS to success: Pre tips & practice test
_cEric Van Bemmel
260 _aNew York
_bJohn Wiley
300 _a1177 p.
650 _aEnglish Language
650 _aEnglish Lenguage
700 _aEric Van Bemmel
999 _c1054
_d1054